La Liga Top Goal scorer (Pichichi Trophy) - Statistics

General Stats
  • This quiz has been taken 4,694 times
    3,045 since last reset
  • The average score is 25 of 38
Answer Stats
Year Answer Nationality % Correct
09-10 Lionel Messi Argentinian
100%
11-12 Lionel Messi Argentinian
100%
12-13 Lionel Messi Argentinian
100%
16-17 Lionel Messi Argentinian
100%
17-18 Lionel Messi Argentinian
100%
18-19 Lionel Messi Argentinian
100%
19-20 Lionel Messi Argentinian
100%
20-21 Lionel Messi Argentinian
100%
10-11 Cristiano Ronaldo Portuguese
99%
13-14 Cristiano Ronaldo Portuguese
99%
14-15 Cristiano Ronaldo Portuguese
99%
96-97 Ronaldo Brazilian
99%
03-04 Ronaldo Brazilian
99%
15-16 Luis Suarez Uruguayan
97%
21-22 Karim Benzema French
92%
05-06 Samuel Eto'o Cameronian
85%
04-05 Diego Forlan Uruguayan
82%
08-09 Diego Forlan Uruguayan
82%
98-99 Raul Spanish
74%
00-01 Raul Spanish
74%
84-85 Hugo Sanchez Mexican
70%
85-86 Hugo Sanchez Mexican
70%
86-87 Hugo Sanchez Mexican
70%
87-88 Hugo Sanchez Mexican
70%
89-90 Hugo Sanchez Mexican
70%
06-07 Ruud van Nistelrooy Dutch
54%
93-94 Romario Brazilian
47%
90-91 Emilio Butragueno Spanish
29%
97-98 Christian Vieri Italian
18%
02-03 Roy Makaay Dutch
18%
94-95 Ivan Zamorano Chilean
17%
07-08 Daniel Güiza Spanish
15%
92-93 Bebeto Brazilian
12%
01-02 Diego Tristan Spanish
7%
95-96 Juan Antonio Pizzi Argentinian
4%
99-00 Salva Ballesta Spanish
4%
88-89 Baltazar Brazilian
3%
91-92 Manolo Spanish
3%
No matching quizzes found
Score Distribution
Percent of People with Each Score
Percentile by Number Answered
Your Score History
You have not taken this quiz since the last reset